00314nam a2200133Ia 4500003000400000005001700004008004100021020000700062040002000069100001800089245005200107260001300159300000800172OSt20250101111640.0170523s9999 xx 000 0 und d aNA cIIMT UNIVERSITY aDESAI,BIPIN,C 0a AN INTRODUCTION TO DATABASE MANAGEMENT SYSTEM  bGalgotia a934